Sports Quiz

Random Sports or MLB Quiz

Famous New York Yankees by Player Cards Quiz Stats

 Plays Quiz Updated Jul 21, 2018

Challenge
Share
Tweet
Score 0/18 Timer 04:00
4 Plays Today
% Correct
Babe Ruth
94.7%
Mickey Mantle
93%
Joe DiMaggio
89.9%
Derek Jeter
89.2%
Yogi Berra
87.1%
Mariano Rivera
84.7%
Bernie Williams
83.6%
Reggie Jackson
83.1%
Lou Gehrig
80.9%
% Correct
Don Mattingly
80.5%
Andy Pettitte
77.6%
Roger Maris
67.9%
Thurman Munson
58.7%
Whitey Ford
51.6%
Phil Rizzuto
48.8%
Goose Gossage
46.8%
Billy Martin
40.1%
Bill Dickey
8%

You're not logged in!

Compare scores with friends on all Sporcle quizzes.
OR
Log In

You Might Also Like...

Show Comments

Extras

Top Quizzes Today


Score Distribution

Your Account Isn't Verified!

In order to create a playlist on Sporcle, you need to verify the email address you used during registration. Go to your Sporcle Settings to finish the process.

Report this User

Report this user for behavior that violates our Community Guidelines.

Details: